01498nam a22002897a 4500003000900000005001700009007000300026008004100029040002500070082001500095100003300110245013900143260005100282300002000333490005100353500006300404590002700467710006200494910001400556942001300570952011800583952012400701952012200825952012200947952012201069999001701191DO-SdBNP20221114105725.0ta110301s2003 dr 000 0 spa d aDO-SdBNPbspacBNPHU 4axxxxbS234 aSANTELISES, ALEXANDRA91711610aDescentralización educativa y autonomía escolar en la gestión educativa dominicana :b¿Desafío posible?cAlexandra Santelises aSanto Domingo :bUNESCO,bSEE,bFRACSO,c2003. a31 p. :c28 cm.1 aCuadernos de Educación Básica para todos.  aIncluye datos biográficos de la autora en la pagina 4.  aInventariado, 2022/ YL aDirección General de Educación Básica (SEE).982811 aYLockward 2ddccLF2 00102ddc51708DS-FaBNPHUbBNPHUcCTd2022-04-20eFLACSOl0oxxxx S234p2022-5281r2022-11-14w2022-11-14yLF2 00102ddc51708DS-FaBNPHUbBNPHUcCTd2022-04-20eFLACSOl0oxxxx S234p2022-5282r2022-11-14te. 2w2022-11-14yLF2 00102ddc56708DSaBNPHUbBNPHUcCTd2022-04-20eFLACSOl0oxxxx S234p2022-5283r2022-11-14te. 3w2022-11-14yLF2 00102ddc56708DSaBNPHUbBNPHUcCTd2022-04-20eFLACSOl0oxxxx S234p2022-5284r2022-11-14te. 4w2022-11-14yLF2 00102ddc56708DSaBNPHUbBNPHUcCTd2022-04-20eFLACSOl0oxxxx S234p2022-5285r2022-11-14te. 5w2022-11-14yLF2 c52907d52907